|
|
|
|
| LEADER |
00925nam a22002652a 4500 |
| 001 |
001760918 |
| 003 |
CZ BrMZK |
| 005 |
20200730074403.0 |
| 007 |
ta |
| 008 |
200729s1938 xr er 000 0 cze d |
| 015 |
|
|
|a cnb000953882
|
| 035 |
|
|
|a (OCoLC)85620932
|
| 040 |
|
|
|a ABA001
|b cze
|c HKA001
|d ABA001
|d BOA001
|
| 041 |
1 |
|
|a cze
|h ger
|
| 100 |
1 |
|
|a Winder, Ludwig,
|d 1889-1946
|7 jk01151699
|4 aut
|
| 245 |
1 |
0 |
|a Následník trůnu :
|b román o Františku Ferdinandovi = [Der Thronfolger : ein Franz Ferdinand : Roman] /
|c Ludwig Winder ; [přeložil z němčiny František Šelepa]
|
| 250 |
|
|
|a 4. vyd.
|
| 260 |
|
|
|a Praha :
|b Fr. Borový,
|c 1938
|
| 300 |
|
|
|a 539, [2] s. ;
|c 21 cm
|
| 490 |
1 |
|
|a Žatva ;
|v [ř. 3], sv. 21
|
| 830 |
|
0 |
|a Žatva (Fr. Borový)
|0 s
|
| 910 |
|
|
|a BOA001
|b 2-1393.577
|
| 990 |
|
|
|a BK
|
| 991 |
|
|
|b 202007
|
| 996 |
6 |
|
|b 2610833442
|c 2-1393.577
|l MZK
|r Sklad / do 1 hodiny
|n 0
|p dar
|w 001816773
|u 000010
|a 1
|e BOA001
|j MZK50
|s P
|